000 00257nam a22001217a 4500
008 180521b xxu||||| |||| 00| 0 eng d
041 _aeng
080 _a043.3
100 _a0
101 _aARK-BTH
245 _aHotel Malor
_cBërdynaj,B
942 _2udc
_cBK
999 _c46132
_d46132